000 00247nam a2200097Ia 4500
001 1199884
005 20250827022602.0
008 250824s9999 xx 000 0 und d
245 0 _aADALET SAVAŞÇISI
_cROBERT BIDINOTTO
260 _bPANAMA YAYINLARI
999 _c1199884
_d1199884